Public relations a reklamní soutěže

Krátko z histórie public relations. Product publicity (vytváranie imidžu prostredníctvom určitého výrobku, ktorý zastupuje celok) - jedna z disciplín public relations. Reklamné súťaže. Príklady neserióznosti niektorých vyhlasovateľov - prehrešky voči duchu public relations.

Salvato in:
Dettagli Bibliografici
Autore principale: Chmel, Z.
Natura: Capitolo di libro
Lingua:ceco
Soggetti:
Tags: Aggiungi Tag
Nessun Tag, puoi essere il primo ad aggiungerne!!

MARC

LEADER 00000naa a2200000 4500
001 r018330
005 20221208130859.6
041 0 |a cze 
044 |a CZ 
245 1 0 |a Public relations a reklamní soutěže  |c Z. Chmel 
520 |a Krátko z histórie public relations. Product publicity (vytváranie imidžu prostredníctvom určitého výrobku, ktorý zastupuje celok) - jedna z disciplín public relations. Reklamné súťaže. Príklady neserióznosti niektorých vyhlasovateľov - prehrešky voči duchu public relations. 
610 2 0 |a Česko 
610 2 0 |a 1995 
610 2 0 |a marketing 
610 2 0 |a práca s verejnosťou 
610 2 0 |a reklama 
610 2 0 |a imidž 
100 1 |a Chmel, Z.